000 00331nam a2200133Ia 4500
008 100328s9999 xx 000 0 und d
082 _b1832
100 _aWerfel Franz
245 _aBetween Heaven And Earth
260 _bHutchinson
630 _aBetween Heaven And Earth
730 _aBetween Heaven And Earth
942 _cBOOK
999 _c498079
_d498076